000 00648nam a2200217 a 4500
005 20140310183541.0
008 111116s19uu xx 00 eng d
020 _a9781425801120
050 _aTK 5105.8884
_b.P56 2009
100 _aPiontek, Jeffrey
245 _aBlogs, wikis, and podcasts, oh my! :
_belectronic media in the classroom /
_cJeffrey Piontek, Blane Conklin.
260 _aCalifornia :
_bShell Education,
_c2009.
300 _a88 p. :
_bill. ;
_c24 cm.
521 _aEDU
650 _aBlogs
650 _aWikis (Computer science)
650 _aPodcasts
700 _aConklin, Blane
942 _cBK
_2lcc
_kFOR
999 _c24804
_d24804